LDR 00860nam a2200229 i 4500 001 000000038723 003 CaOOAMICUS 005 20260423115546.0 008 140409s1990 xx u000 u spa u 013 $a9331 020 $a84-7151-665-1 040 $aSeMil$bita 100 1 $aVilchez Líndez, José,$c
.$0(OLS)http://semarc/name/18645 245 10$aSabiduria /$cJosé Vilchez Lindez. 300 $a569 p. 773 0 $aAlonso Schökel, Luis
$tSapienciales.$dEstella (Navarra) : Editorial Verbo Divino, 1990.$kNueva Biblia española$g5$w()29689 850 $aSeMil 852 $aSeMil$W1$xVenegono$y1$m2Z IV 153$j270788$B4878$CSeMilBibl$Z2$F4878 $81 961 $aOmaggio: Scuola Cattolica 996 $6020$a84-7151-665-1$9(OLS)http://semarc/number/8099 996 $6245$aSabiduria$9(OLS)http://semarc/title/54794